000 01637cam a22004694i 4500
003 PE-LiUPU
005 20250731172723.0
008 150617s r 000 0 d
020 _a8430109897
035 _a(Sirsi) i9788430109890
040 _aPE-LiUPU
_bspa
_cPE-LiUPU
_erda
049 _aPRUA
082 0 4 _a238.11
_bS79
_221
100 1 _ade Roma, Hipólito,
_eautor.
245 1 3 _aLa Tradición Apostólica /
_cHipólito de Roma.
264 1 _aSalamanca :
_bSigueme,
_c1986.
300 _a121 páginas ;
_c20 centímetros.
336 _atext
_2rdacontent
337 _aunmediated
_2rdamedia
338 _avolume
_2rdacarrier
490 0 _aIchthys ;
_v1
505 0 _aLa constitución de la iglesia -- Versiones y adaptaciones -- Traducción -- La iniciación cristiana -- Versiones y adaptaciones -- Traducción -- Los usos de la comunidad -- Versiones y adaptaciones -- Traducción.
526 _aSEG42
526 _aSEG41
526 _aSEG40
526 _aSEG39
526 _aP94
526 _aP87
526 _aP86
526 _aP85
526 _aP77
526 _aP76
526 _aP35
650 0 4 _aIGLESIA
_xHISTORIA
_yÉpoca primitiva.
910 _ajck
_bjvq
_cjck
_d20150616
942 _2ddc
_cBOOK
949 _a238.11 S79
_wDEWEY
_c1
_i27406
_lCCODEBUL1
_mBUL
_r0
_sY
_tBOOK
_u2015-6-17
_xTEOLOGIA
_PP35
_0COMPRA
_o.STAFF. Colección General
994 _aC0
_bPEPRU
596 _a1
999 _a238.11 S79
_wDEWEY
_c1256
_i27406
_d1256
_f2021-11-11
_g5
_lCCODEBUL1
_mBUL
_q1
_r0
_sY
_tBOOK
_u2015-6-17
_xTEOLOGIA
_PP35
_0COMPRA
_o.STAFF. Colección General
980 _81
_gALBERTO SANCHEZ Responsable de Automatización